| 000 | 02463cam a22004694a 4500 | ||
|---|---|---|---|
| 001 | muse84675 | ||
| 003 | MdBmJHUP | ||
| 005 | 20210127151539.0 | ||
| 006 | m o d | ||
| 007 | cr||||||||nn|n | ||
| 008 | 830923s1982 mx o 00 0 spa d | ||
| 010 | _z 83149132 | ||
| 020 | _a9786076282977 | ||
| 020 | _z968120171X | ||
| 020 | _z9789681201715 | ||
| 035 | _a(OCoLC)1148101435 | ||
| 040 |
_aMdBmJHUP _cMdBmJHUP |
||
| 050 | 0 | 4 |
_aBL80.2 _b.C333 1982 |
| 082 | 0 |
_a306/.6 _219 |
|
| 245 | 0 | 0 |
_aCambio religioso y dominación cultural _bel impacto del Islam y del cristianismo sobre otras sociedades / _cDavid N. Lorenzen, compilador. |
| 264 | 1 | _bColegio de Mexico, | |
| 264 | 3 | _bProject MUSE, | |
| 300 | _a1 online resource (216 p.) | ||
| 500 | _a"Este volumen es el resultado de un seminario sobre 'El cambio religioso y la dominación' que se organizó como una parte del 30 Congreso Internacional de Ciencias Humanas en Asia y Africa del Norte ... que se celebró en la ciudad de Mexico en el año 1976"--P. 1. | ||
| 504 | _aIncludes bibliographical references. | ||
| 505 | 0 | _aLa conversión en la epoca de la dominación musulmana / Nehemia Levtzion -- La islamización en el subcontinente indio / S.A.A. Rizvi -- Formas de islamización en el sudeste indio / A.H. Johns -- Cambios religiosos en la conquista de Mexico / Eva Alexandra Uchmany -- La experiencia filipina bajo el dominio español / Rosario Mendoza Cortes -- Sincretismo religioso en Mexico / William Madsen -- El Kabīr Panth / David N. Lorenzen -- Kabīr, Nānak y el primitivo Sikh Panth / W.H. McLeod -- El Sikh Panth (1500-1850) / J.S. Grewal. | |
| 506 | 0 |
_aOpen Access _fUnrestricted online access _2star |
|
| 588 | _aDescription based on print version record. | ||
| 650 | 0 |
_aChristianity _xInfluence _xCongresses. |
|
| 650 | 0 |
_aIslam _xInfluence _xCongresses. |
|
| 650 | 0 |
_aReligions _xHistory _xCongresses. |
|
| 655 | 7 |
_aElectronic books. _2local |
|
| 700 | 1 | _aLorenzen, David N. | |
| 711 | 2 |
_aInternational Congress of Human Sciences in Asia and North Africa _n(30th : _d1976 : _cMexico City, Mexico) |
|
| 710 | 2 |
_aProject Muse. _edistributor |
|
| 830 | 0 | _aBook collections on Project MUSE. | |
| 856 | 4 | 0 |
_zFull text available: _uhttps://muse.jhu.edu/book/74341/ |
| 999 |
_c26163 _d26163 |
||